| 000 | 00487cam a22001814a 4500 | ||
|---|---|---|---|
| 020 | _a9211261244 | ||
| 020 | _a9789211261240 | ||
| 040 | _cIUL | ||
| 082 | 0 | 0 | _a362 UND 2000 A066 Or. |
| 245 | 0 | 0 | _aOvercoming human poverty / |
| 260 |
_aNew York, N.Y. : _bUNDP, _cc2000. |
||
| 300 |
_a139 p. : _bill. ; _c28 cm. |
||
| 500 | _a"U.N. sales number E.00.III.B.2"--Verso of t.p. | ||
| 650 | 0 | _aPoverty | |
| 650 | 0 | _aPoverty | |
| 710 | 2 | _aUnited Nations Development Programme. | |
| 942 | _cEK | ||
| 999 |
_c14221 _d14221 |
||